Archtectural atmosphere on the experience and politics of architecture
Uloženo v:
| Hlavní autor: | |
|---|---|
| Médium: | Kniha |
| Jazyk: | angličtina |
| Vydáno: |
German National library
2014
|
| Tagy: |
Přidat tag
Žádné tagy, Buďte první, kdo vytvoří štítek k tomuto záznamu!
|
MARC
| LEADER | 00000nam a22000007a 4500 | ||
|---|---|---|---|
| 008 | 210830b ||||| |||| 00| 0 eng d | ||
| 020 | |a 9783038215127 | ||
| 100 | |a BARCH , Christian | ||
| 245 | |a Archtectural atmosphere |b on the experience and politics of architecture |c Christian Barch ,Bohme{et al...} |g 111p.ill. | ||
| 260 | |b German National library |c 2014 |d Book |h Switzerland |i 696156 |i 696157 |l NA 203.B23 |m Architecture |m Architecture -political aspects |m Architecture |m Architecture- political aspect |m Architektur |m Asthetik |m Raum | ||
| 500 | |a "It includes references and index" | ||
| 942 | |a lcc |c BK |e Olagoke, M.A. |f 30/08/2021 | ||
| 952 | |0 0 |1 0 |2 lcc |4 0 |7 0 |9 3310 |a HOL |b EDM |c QZ |d 2021-08-30 |o NA 203.B23 |p 2021-67021 |r 2021-08-30 00:00:00 |t 696156 |w 2021-08-30 |y BK | ||
| 952 | |0 0 |1 0 |2 lcc |4 0 |7 0 |9 3311 |a HOL |b HOL |c LP |d 2021-08-30 |o NA 203.B23 |p 2021-67022 |r 2021-08-30 00:00:00 |t 696157 |w 2021-08-30 |y BK | ||
| 999 | |c 1653 |d 1653 | ||